| 000 | 00645nam a22001817a 4500 | ||
|---|---|---|---|
| 005 | 20251108172258.0 | ||
| 008 | 250721s1986 xx 000 0 ara d | ||
| 082 | 1 | 4 | _a956.42/ندو |
| 100 | 1 |
_aجرادات، عزت _eتحرير |
|
| 245 | 1 | 0 | _aوقائع الندوة الإسلامية لشؤون القدس / |
| 264 | 1 |
_aعمان : _bمكتبة المؤتمر الإسلامي العام لبيت المقدس، _c1986. |
|
| 300 | _a104ص | ||
| 650 | 1 | 7 | _aالقدس |
| 650 | 1 | 7 | _aمؤتمرات و ندوات |
| 710 | 2 | _aالندوة الإسلامية لشؤون القدس ( 1986 : عمان ) | |
| 942 |
_2ddc _cBK |
||
| 999 |
_c75004 _d75004 |
||